000
00311nam a2200133Ia 4500
005
20251222143246.0
008
251222s9999||||xx |||||||||||||| ||spa||
020
_a
2890399710
082
_a
262.13/A86
245
0
_a
Jean-Paul II au Canadá
250
_a
1ra.ed.
264
_b
Éditiones Paulines
942
_c
LIB
999
_c
14785
_d
14785